000 00242nam a22000977a 4500
008 240219b |||||||| |||| 00| 0 eng d
082 _aA COLF Ej.1
100 1 0 _aColella, Olga
_etraductora
_943449
245 _aFormas
_cOlga Colella
942 _2ddc
999 _c30626
_d17010